Парижские тайны: роман; Т. 2

Bibliographic Details
Main Author: Сю Э. Эжен
Other Authors: Лесюк Я. (переводчик), Трескунов М. (иллюстратор), Боссэ Ж.-А., Сталль
Summary:Исключено из фонда НТБ ТПУ
Language:Russian
Published: Москва, Художественная литература, 1989
Subjects:
Format: Book
KOHA link:https://koha.lib.tpu.ru/cgi-bin/koha/opac-detail.pl?biblionumber=166513

MARC

LEADER 00000n m0a2200000 4500
001 166513
005 20250822092755.0
010 |a 5280006343 
035 |a (RuTPU)RU\TPU\book\180623 
035 |a RU\TPU\book\180619 
090 |a 166513 
100 |a 20091002g1989 m y0rusy5003 ca 
101 1 |a rus  |c fre 
102 |a RU 
105 |a a z 000ay 
200 1 |a Парижские тайны  |e роман  |h Т. 2  |f Э. Сю  |g пер. с фр. Я. Лесюк ; М. Трескунов ; худож. Ж.-А. Боссэ ;Сталль 
210 |a Москва  |c Художественная литература  |d 1989 
215 |d 22 см  |a 655 с.  |c ил. 
333 |a Исключено из фонда НТБ ТПУ 
610 1 |a Париж, 19 в. 
610 1 |a Франция, 19 в. 
675 |a 84 
700 1 |a Сю  |b Э.  |c настоящее имя Мари Жозеф  |c французский писатель  |f 1804-1857  |g Эжен  |3 (RuTPU)RU\TPU\pers\22366  |9 9515 
702 1 |a Лесюк   |b Я.  |4 730 
702 1 |a Трескунов  |b М.  |4 730 
702 1 |a Боссэ  |b Ж.-А.  |4 440 
702 1 |a Сталль  |4 440 
801 0 |a RU  |b RuMRKP  |c 19950417  |g psbo 
801 1 |a RU  |b 63413507  |c 20091002 
801 2 |a RU  |b 63413507  |c 20141112  |g RCR 
942 |c BK